Nicosie - Choix multiples - Statistiques

Statistiques générales
  • Ce quiz a été pris 1 225 fois
    1 210 depuis la dernière actualisation
  • Le résultat moyen est 5 sur 10
Statistiques - réponses
Question Réponse % Correct
Qu'est-ce que la "ligne verte" à Nicosie ? Une zone démilitarisée qui coupe la ville en deux
81%
En quelle année un coup d'état se déroula à Nicosie, précipitant l'intervention militaire turque à Chypre ? 1974
61%
Lequel de ces clubs de football est établi dans la ville? APOEL
57%
Quelle chanteuse franco-chypriote, connue notamment pour son album Dans ma bulle, est née à Nicosie? Diam's
57%
Où se trouve Nicosie sur la carte de Chypre ?
56%
Quelle puissance maritime érigea en 1567 des fortifications toujours visibles à Nicosie ? Venise
47%
Lequel de ces panoramas représente la ville de Nicosie et sa "Tour 25", l'un des monuments modernes les plus emblématiques de la ville ?
45%
Quelle dynastie française régna sur Nicosie et Chypre du XIIe au XVe siècle ? La maison de Lusignan
38%
Quelle rue, appelée οδός Λήδρας en grec, a été témoin d'une histoire récente violente mais accueille aujourd'hui de nombreux magasins ? La rue Ledra
37%
Laquelle de ces municipalités chypriotes est située dans le grand Nicosie? Strovolos
27%
Aucun quiz correspondant
Distribution des résultats
% des personnes avec chaque résultat
Percentile par nombre de réponses
Votre historique - résultats
Vous n’avez pas pris ce quiz depuis la dernière actualisation